Erik H. Erikson : (Record no. 917)

MARC details
000 -LEADER
fixed length control field 00953nam a2200253 i 4500
005 - DATE AND TIME OF LATEST TRANSACTION
control field 20260322212039.0
008 - FIXED-LENGTH DATA ELEMENTS--GENERAL INFORMATION
fixed length control field data
010 ## - LIBRARY OF CONGRESS CONTROL NUMBER
LC control number 76010497
020 ## - INTERNATIONAL STANDARD BOOK NUMBER
International Standard Book Number 0029264502 :
Terms of availability {dollar}8.95
020 ## - INTERNATIONAL STANDARD BOOK NUMBER
International Standard Book Number 9780029264508 :
Terms of availability {dollar}8.95
040 ## - CATALOGING SOURCE
Original cataloging agency DLC
Transcribing agency DLC
Modifying agency CtY-M
-- CtY-M
050 0# - LIBRARY OF CONGRESS CALL NUMBER
Classification number RC339.52.E74
Item number R6
096 ## - LOCALLY ASSIGNED NLM-TYPE CALL NUMBER (OCLC)
Classification number WZ 100 E677R 1976
001 - CONTROL NUMBER
control field data
100 1# - MAIN ENTRY--PERSONAL NAME
Personal name Roazen, Paul,
Dates associated with a name 1936-
245 10 - TITLE STATEMENT
Title Erik H. Erikson :
Remainder of title the power and limits of a vision /
Statement of responsibility, etc. Paul Roazen.
260 0# - PUBLICATION, DISTRIBUTION, ETC.
Place of publication, distribution, etc. New York :
Name of publisher, distributor, etc. Free Press,
Date of publication, distribution, etc. c1976.
300 ## - PHYSICAL DESCRIPTION
Extent x, 246 p. ;
Dimensions 22 cm.
504 ## - BIBLIOGRAPHY, ETC. NOTE
Bibliography, etc. note Includes bibliographical references and index.
590 ## - LOCAL NOTE (RLIN)
Local note Includes bibliographical references and index.
600 10 - SUBJECT ADDED ENTRY--PERSONAL NAME
Personal name Erikson, Erik H.
Fuller form of name (Erik Homburger),
Dates associated with a name 1902-
650 #0 - SUBJECT ADDED ENTRY--TOPICAL TERM
Topical term or geographic name entry element Psychoanalysts
Geographic subdivision United States
Form subdivision Biography.
856 40 - ELECTRONIC LOCATION AND ACCESS
Uniform Resource Identifier <a href="https://openlibrary.org/works/OL61258W/Erik_H._Erikson?edition=erikheriksonpowe00roazrich">https://openlibrary.org/works/OL61258W/Erik_H._Erikson?edition=erikheriksonpowe00roazrich</a>
Link text Online access from the Open Library.
Public note Requires free sign up.
Holdings
Withdrawn status Lost status Damaged status Not for loan Home library Current library Shelving location Date acquired Total checkouts Full call number Barcode Date last seen Price effective from Koha item type
        Franklin Franklin General stacks 22/03/2026   RC339.52.E74 R6 BC0010946 22/03/2026 22/03/2026 Books